ORGANISATIONOF HOUSEKEEPING MANAGEMENT (Record no. 8050)
[ view plain ]
| 000 -LEADER | |
|---|---|
| fixed length control field | 00348nam a22001457a 4500 |
| 020 ## - INTERNATIONAL STANDARD BOOK NUMBER | |
| International Standard Book Number | 81-8204-006-X |
| 082 ## - DEWEY DECIMAL CLASSIFICATION NUMBER | |
| Classification number | 648 |
| Item number | SIN |
| 100 ## - MAIN ENTRY--PERSONAL NAME | |
| Personal name | SINGH, R.K |
| 245 ## - TITLE STATEMENT | |
| Title | ORGANISATIONOF HOUSEKEEPING MANAGEMENT |
| 260 ## - PUBLICATION, DISTRIBUTION, ETC. (IMPRINT) | |
| Place of publication, distribution, etc | DELHI |
| Name of publisher, distributor, etc | AMAN |
| Year of Publication | 2005 |
| 300 ## - PAGE DESCRIPTION | |
| No. of Pages | 305 |
| 650 ## - SUBJECT ADDED ENTRY--TOPICAL TERM | |
| Topical term or geographic name as entry element | HOUSEKEEPING MANAGEMENT |
| 653 ## - KEYWORDS--INDEX TERM | |
| Keyword term | HOUSEKEEPING MANAGEMENT |
| 942 ## - ADDED ENTRY ELEMENTS (KOHA) | |
| Source of classification or shelving scheme | Dewey Decimal Classification |
| Koha item type | Books |
| Withdrawn status | Lost status | Source of classification or shelving scheme | Damaged status | Not for loan | Collection code | Home library | Current library | Shelving location | Date acquired | Vendor Name | Cost, normal purchase price | SGTU | Bill Number | Total Checkouts | Full call number | Accession No. (Barcode) | Date last seen | Bill Date | Koha item type | Date last borrowed |
|---|---|---|---|---|---|---|---|---|---|---|---|---|---|---|---|---|---|---|---|---|
| Dewey Decimal Classification | HOTEL MANAGEMENT | SGT Science & Social Sciences Library | SGT Science & Social Sciences Library | Text Book | 10/10/2015 | JINDAL BOOKSERVICE | 300.00 | SGTU | 1775 | 648 SIN | HM437 | 10/10/2015 | 10/10/2015 | Books | ||||||
| Dewey Decimal Classification | HOTEL MANAGEMENT | SGT Science & Social Sciences Library | SGT Science & Social Sciences Library | Text Book | 10/10/2015 | JINDAL BOOKSERVICE | 300.00 | SGTU | 1775 | 648 SIN | HM438 | 10/10/2015 | 10/10/2015 | Books | ||||||
| Dewey Decimal Classification | HOTEL MANAGEMENT | SGT Science & Social Sciences Library | SGT Science & Social Sciences Library | Text Book | 10/10/2015 | JINDAL BOOKSERVICE | 300.00 | SGTU | 1775 | 1 | 648 SIN | HM439 | 30/10/2015 | 10/10/2015 | Books | 28/10/2015 |